Media anthropology : informing global citizens

Αποθηκεύτηκε σε:
Λεπτομέρειες βιβλιογραφικής εγγραφής
Άλλοι συγγραφείς: Allen, Susan L. (Επιμελητής έκδοσης)
Μορφή: Βιβλίο
Γλώσσα:English
Δημοσίευση: London : Bergin & Garvey, c1994
Θέματα:
Ετικέτες: Προσθήκη ετικέτας
Δεν υπάρχουν, Καταχωρήστε ετικέτα πρώτοι!

MARC

LEADER 00000nam a2200000 i 4500
001 1/15117
008 010110s1994 eng d
020 |a 0-89789-342-5 
035 |l 10065269 
040 |a GR-MY-UA  |b gre  |e aacr 
041 0 |a eng 
082 0 |a 302.23 
245 1 0 |a Media anthropology :  |b informing global citizens /  |c Edited by Susan L. Allen ; foreword by Mary Catherine Bateson 
260 |a London :   |b Bergin & Garvey,   |c c1994 
300 |a 177 p. 
504 |a Includes bibliographical references and index 
650 0 0 |a Communication in anthropology. 
650 0 0 |a Applied anthropology. 
650 0 0 |a Anthropology  |x Authorship. 
650 0 0 |a Motion pictures in ethnology. 
700 1 |a Allen, Susan L.  |4 edt 
852 |a INST  |b LESVOS  |e 20010110  |h 302.23 MED  |p 005100027245  |q 005100027245  |t BK  |y 0 
901 |a BIBL1-2001-1 
909 |a Λ  |b 084235 
922 |a 1ΕΛΗ  |b 200012  |c ΤΑΚ/ΤΚΑ  |d ΜΙΧΑΛΟΠΟΥΛΟΣ 
950 |a 117-1999-07-30 
970 |a ΜΟΥΣΤΑΚΑ  |b ΠΗΝΕΛΟΠΗ  |z 2001/01/31